000 00475nam a2200181Ia 4500
008 230524s9999 xx 000 0 und d
020 _a9788120310131
082 _a658.132
_bMAR
100 _aJohn F.Marshall
245 0 _aFinancial Engineering: A Complete Guide to Financial Innovation
250 _aIST
260 _aNEW DELHI
_bPHI
_c2010
300 _aXIII;718
500 _aQuantity Number: 7
650 _aManagement
700 _a Vipul K.Bansal
942 _cBK
999 _c45702
_d45702